Logos de journaux français - Statistiques

Statistiques générales
  • Ce quiz a été pris 63 fois
    7 depuis la dernière actualisation
  • Le résultat moyen est 19 sur 32
Statistiques - réponses
Par images Hint Réponse % Correct
149 013 - 1941 La Voix du Nord
100%
386 769 - 1826 Le Figaro
100%
559 250 - 1944 Le Monde
100%
260 849 - 1944 Le Parisien/AEF
100%
237 817 - 1946 L'Équipe
100%
117 465 - 1973 Libération
100%
133 484 - 1945 Le Dauphiné libéré
86%
277 217 - 1972 Le Point
86%
91 000 - 1883 La Croix
71%
33 194 - 1944 Le Courrier picard
71%
39 799 - 1904 L'Humanité
71%
581 505 - 1944 Ouest-France
71%
95 874 - 1870 La Dépêche du Midi
57%
141 021 - 1908 Les Échos
57%
34 194 - 1846 L'indépendant
57%
164 510 - 1944 Sud Ouest
57%
103 337 - 1877 Dernières Nouvelles d'Alsace
43%
46 699 - 1944 L'Alsace
43%
115 960 - 1944 La Nouvelle République
43%
114 293 - 1859 Le Progrès
43%
69 052 - 1919 Le Républicain lorrain
43%
90 340 - 1889 L'Est républicain
43%
158 890 - 1944 Le Télégramme
43%
63 102 - 1944 Midi Libre
43%
105 886 - 1919 La Montagne
29%
51 278 - 1997 La Provence
29%
63 920 - 1944 Le Courrier de l'Ouest
29%
38 061 - 1826 Le Journal de Saône-et-Loire
29%
59 133 - 1944 L'Union/L'ardennais
29%
45 210 - 1945 Nice-Matin
29%
41 000 - 1944 Paris-Normandie
29%
31 419 - 1946 Var-Matin
29%
Aucun quiz correspondant
Distribution des résultats
% des personnes avec chaque résultat
Percentile par nombre de réponses
Votre historique - résultats
Vous n’avez pas pris ce quiz depuis la dernière actualisation